| 000 | 01041nam0a22002771 4500 | ||
|---|---|---|---|
| 001 | v19\rc\1613524 | ||
| 005 | 20260406142100.0 | ||
| 035 | _a(NLR Aleph) 005239099 | ||
| 090 |
_a5685482 _c5685482 |
||
| 100 | _a20061002d1897 |||y0rusy50 ca | ||
| 101 | 0 | _arus | |
| 102 | _aRU | ||
| 105 | _ay z |||a| | ||
| 200 | 1 |
_aНочь перед Рождеством _eКартинки из повести Гоголя _eВ 1 д. _f[Я.У. Шишко] |
|
| 210 |
_aСанкт-Петербург _cтип. Н.В. Васильева _d1897 |
||
| 215 |
_a38 с. _d20 |
||
| 700 | 1 |
_8rus _7ca _aШишко _bЯ. У. _f1855- _gЯков Устинович _3RU\NLR\AUTH\7783424 _966352 |
|
| 702 | 1 |
_4570 _8rus _7ca _aГоголь _bН. В. _f1809-1852 _gНиколай Васильевич _3RU\NLR\AUTH\773480 _9113476 |
|
| 801 | 0 |
_aRU _bNLR _c20061002 _gpsbo |
|
| 801 | 0 |
_aRU _bRuMoRGB _c20061002 _2psbo |
|
| 801 | 1 |
_aRU _bProSoft-M _c20061002 _2rusmarc |
|
| 801 | 2 |
_aRU _bNLR _c20091201 _2rusmarc |
|
| 852 |
_aNLR _j18.222.3.249 |
||
| 942 | _cBOOK | ||
| 980 | _aNB | ||